Statistics for Countries that borders Bolivia by their official names.

Click here to take the quiz!

General Stats

  • This quiz has been taken 5 times
  • The average score is 4 of 5

Answer Stats

Country% Correct
Republic of Chile
100%
Republic of Paraguay
80%
Republic of Peru
80%
Federative Republic of Brazil
60%
Argentine Republic
40%

Score Distribution

Percentile by Number Answered

Percent of People with Each Score

Your Score History

You have not taken this quiz